03173nam a2200385 a 450000100100000000500170001000800410002702000180006804000250008608200150011110000370012624501070016326000850027030000230035550005920037859000280097070000340099871000290103295201210106195201210118295201120130395201130141595201140152895201140164295201120175695201120186895201120198095201120209295201120220495201120231695201140242895201140254295201140265699900170277000004855720250207073535.0190329s2016 dr a r 000 spa d a9789945899023 aDO-SdBNPbspacBNPHU axxxbC822c aCorporán, Maura Antonia97602210aCurso facilitador de la formación profesional. / :bMaura Antonia Corporán, Bethania Nieto Peña. aSanto Domingo :bInstituto Nacional de Formación Técnico Profesional,c2016. av. :bil ;c28 cm. aGuía 0 :tEncuadre grupal --gGuía 1 :tFormación profesionalgGuía 2 :tComponentes fundamentales de la formación basada en normas técnicas de competencia laboralgGuía 3 :tLa calidad en la formación profesionalgGuía 4 :tLa comunicación en el proceso enseñanza/aprendizajegGuía 5 :tObjetivos de aprendizajegGuía 6 :tAprendizaje y motivacióngGuía 7 :tTécnicas didácticas y grupalesgGuía 8 :tMedios audiovisualesgGuía 9 :tPlaneamiento didácticogGuía 10 :tEstrategias de evaluacióngGuía 11 :tConducción del proceso formativo aInventariado, 2019 / DG aNieto Peña, Bethania9760232 aINFOTEP (Agencia)978644 001054708PDaGRbGRcHDd2019-03-29iLF1l0oGuía 2p48557-30r2020-06-25w2020-06-25yLFPDZPréstamo en sala 001054708PDaGRbGRcHDd2019-03-29iLF1l0oGuía 4p48557-50r2020-06-25w2020-06-25yLFPDZPréstamo en sala 0010718PDaPDbPDcHDd2019-03-29iLF1l0oGuía 0p48557-10r2020-06-25w2020-06-25yLFPDZNo se presta 0010718PDaPDbPDcHDd2019-03-29iLF1l0oGuía 9p48557-100r2020-06-25w2020-06-25yLFPDZNo se presta 0010718PDaPDbPDcHDd2019-03-29iLF1l0oGuía 10p48557-110r2020-06-25w2020-06-25yLFPDZNo se presta 0010718PDaPDbPDcHDd2019-03-29iLF1l0oGuía 11p48557-120r2020-06-25w2020-06-25yLFPDZNo se presta 0010718PDaPDbPDcHDd2019-03-29iLF1l0oGuía 1p48557-20r2020-06-25w2020-06-25yLFPDZNo se presta 0010718PDaPDbPDcHDd2019-03-29iLF1l0oGuía 3p48557-40r2020-06-25w2020-06-25yLFPDZNo se presta 0010718PDaPDbPDcHDd2019-03-29iLF1l0oGuía 5p48557-60r2020-06-25w2020-06-25yLFPDZNo se presta 0010718PDaPDbPDcHDd2019-03-29iLF1l0oGuía 6p48557-70r2020-06-25w2020-06-25yLFPDZNo se presta 0010718PDaPDbPDcHDd2019-03-29iLF1l0oGuía 7p48557-80r2020-06-25w2020-06-25yLFPDZNo se presta 0010718PDaPDbPDcHDd2019-03-29iLF1l0oGuía 8p48557-90r2020-06-25w2020-06-25yLFPDZNo se presta 00107-18PDaGRbGRcOId2019-03-29iLF1l0oxxx C822cp48558-30r2020-06-25w2020-06-25yLFPDZNo se presta 00107-18PDaPDbPDcOId2019-03-29iLF1l0oxxx C822cp48558-10r2020-06-25w2020-06-25yLFPDZNo se presta 00107-18PDaPDbPDcOId2019-03-29iLF1l0oxxx C822cp48558-20r2020-06-25w2020-06-25yLFPDZNo se presta c48045d48045